Introductory electrical engineering / (Record no. 180255)

000 -LEADER
fixed length control field 00997 a2200181 4500
003 - CONTROL NUMBER IDENTIFIER
control field Nust
005 - DATE AND TIME OF LATEST TRANSACTION
control field 20221024093138.0
040 ## - CATALOGING SOURCE
Transcribing agency Nust
082 ## - DEWEY DECIMAL CLASSIFICATION NUMBER
Classification number 621.3.COR
100 ## - MAIN ENTRY--PERSONAL NAME
Personal name Corcoran, George F.
9 (RLIN) 41371
245 ## - TITLE STATEMENT
Title Introductory electrical engineering /
Statement of responsibility, etc. George F. Corcoran & Henry R. Reed
260 ## - PUBLICATION, DISTRIBUTION, ETC.
Place of publication, distribution, etc. New York
Name of publisher, distributor, etc. Wiley
Date of publication, distribution, etc. 1957
300 ## - PHYSICAL DESCRIPTION
Extent 527 p.
505 ## - FORMATTED CONTENTS NOTE
Formatted contents note Electric Charge and Associated Energy (Page-1), Electric Current and Associated power (Page-34), D-C Circuit Analysis (Page-95), Magnetic Field Concepts (Page-170), Magnetic Effects (Page-214), Ferromagnetic Circuits (Page-266), Inductance (Page-317), The Electric Field (Page-364), Capacitance (Page-409), Boundary - :Layer Voltages (Page-465), A Units (Page-493), B Determinants (Page-506), C Energy Levels of Orbital Electrons (Page-517), D Chemical Element Referred to in This Text (Page-518), Appendix E Wire Table (Page-519).
600 ## - SUBJECT ADDED ENTRY--PERSONAL NAME
Personal name George F Corcoran
9 (RLIN) 41262
650 ## - SUBJECT ADDED ENTRY--TOPICAL TERM
Topical term or geographic name entry element Electrical engineering
942 ## - ADDED ENTRY ELEMENTS (KOHA)
Source of classification or shelving scheme
Koha item type Book
Holdings
Withdrawn status Lost status Source of classification or shelving scheme Damaged status Not for loan Permanent Location Current Location Shelving location Date acquired Full call number Barcode Date last seen Price effective from Koha item type Public note
          Military College of Signals (MCS) Military College of Signals (MCS) General Stacks 12/12/2016 621.3,COR MCS5304 12/08/2016 12/12/2016 Book Almirah No.28, Shelf No.1
          Military College of Signals (MCS) Military College of Signals (MCS) General Stacks 12/12/2016 621.3,COR MCS6474 12/08/2016 12/12/2016 Book Almirah No.28, Shelf No.1
          Military College of Signals (MCS) Military College of Signals (MCS) General Stacks 12/12/2016 621.3,COR MCS6715 12/08/2016 12/12/2016 Book Almirah No.28, Shelf No.1
© 2023 Central Library, National University of Sciences and Technology. All Rights Reserved.